000 01003nam a22003017a 4500
001 BR2012006491
003 BR-BrBNA
005 20230928104049.0
007 ta
008 230509b bl.||||| |||| 00| 0 por d
040 _aBR-BrBNA
_bpor
_cBiblioteca Nacional de Agricultura
041 _a(Por)
072 _aE14
_b0600
090 _ 0600 BR2012006491
110 1 _aMinistério da Agricultura e do Abastecimento, Brasília, DF (Brasil). Secretaria de Desenvolvimento Rural
_96734
110 1 _aInstituto Brasileiro de Frutas, São Paulo, SP (Brasil)
_95774
245 1 _aProjeto de apoio ao planejamento do desenvolvimento da fruticultura irrigada do Estado do Piauí
_bv. 2 Revisado
260 3 _aBrasília, DF (Brasil):
_c1998.
300 _a77 p.
500 _a39 tables
650 _aPROJETO DE DESENVOLVIMENTO
650 _aFRUTICULTURA
650 _aPIAUÍ
650 _aZONEAMENTO ECOLÓGICO
650 _aRECURSO NATURAL
909 _a202309
_bLucia
_c55
_dLucia Elande
942 _cBK
999 _c77938
_d77938